[Event "West Wales Open"]
[Site "Swansea"]
[Date "2019.10.12"]
[Round "2.15"]
[White "Sipho, Donovan"]
[Black "Van Kemenade, Rudy"]
[Result "0-1"]
[WhiteElo "1659"]
[BlackElo "1885"]
[Annotator "kemen"]
[PlyCount "102"]
[EventDate "2019.10.12"]
[EventType "swiss"]
[EventRounds "5"]
[EventCountry "WLS"]

{[%evp 0,12,35,22,27,-11,29,-68,-50,-39,-45,-62,-32,-37,-35]} 1. d4 Nf6 2. c4
e5 3. Nc3 (3. dxe5 Ng4 4. Nf3 Bc5 5. e3 Nc6 6. Be2 Ngxe5 7. O-O d6 8. Nc3 O-O
9. Na4 {Sipho-Mcintosh, WLS Major Open 2019,1/2-1/2}) 3... exd4 4. Qxd4 Nc6 5.
Qd1 Bc5 6. Nf3 Ng4 (6... h6 {main}) 7. Ne4 $146 (7. e3 {only move played, will
transpose back to standard Budapest lines after a N to e5 move}) 7... Bb4+ 8.
Bd2 Bxd2+ (8... d5 $11 {Stockfish10}) (8... a5 9. Nc3 O-O 10. e3 Bc5 11. Qc2
$11 {Stockfish10}) 9. Qxd2 O-O 10. e3 Re8 11. Nc3 $11 a5 12. Be2 Nce5 13. O-O
Ra6 14. Qd4 (14. Nxe5 Nxe5 15. f4 Rd6 16. Qc2 Nc6 $14) (14. Rad1 Nxf3+ 15. Bxf3
Nxh2 $1 $19 {was what Bl was angling for, in some subsequent scenarios}) 14...
Rd6 (14... Rh6) 15. Qf4 (15. Nd5 $11 {Stockfish10}) 15... Rf6 16. Qg3 Rg6 (
16... Nxf3+ 17. Bxf3 Ne5 18. Be2 Rg6 {Stockfish10}) 17. Qf4 (17. Nh4 Rh6 18.
Nf5 Rg6 19. Nh4 $11 {Stockfish10} (19. e4 d6 $14)) 17... d6 18. Nxe5 (18. Nd4
$5) 18... dxe5 (18... Rxe5 19. Rad1 $11 {pm analysis}) (18... Nxe5 19. f3 Rh6
20. Qg3 c6 21. Qf2 $11 {Stockfish10}) 19. Qe4 Qh4 (19... c6 20. Rad1 Qh4 21.
Bxg4 Rxg4 22. f4 $11 {Stockfish10}) 20. h3 (20. Bxg4 Rxg4 21. f4 Re6) 20... f5
21. Qd5+ Be6 (21... Kh8 22. hxg4 Rh6 23. f3 Qh2+ 24. Kf2 Qh4+ 25. Kg1 f4 26.
exf4 exf4 27. Qf7 Qh2+ $11 {Stockfish10}) 22. Qxb7 Nf6 23. Kh2 (23. Qf3 f4 24.
Bd3 Rg5 25. exf4 exf4 26. Rfe1 Qxh3 27. Qxh3 Bxh3 28. Rxe8+ Nxe8 29. Bf1 Bxg2
30. Bxg2 f3 31. Rd1 Rxg2+ 32. Kf1 Rg4 33. b3 Rh4 34. Kg1 Nf6 $17 {Stockfish10})
23... f4 $19 (23... Ne4 24. Qb5 (24. Nxe4 fxe4 $19) (24. Rg1 Nxf2 $19 (24...
Qxf2 $19)) 24... c6 25. Qxe5 Nd2 26. g3 Nxf1+ 27. Rxf1 Qe7 28. Qxa5 $16 {
Stockfish10}) 24. Ne4 (24. Qf3 Bg4 25. Qb7 c6 26. Qxc6 Bxe2 27. Nxe2 Ng4+ $19 {
Stockfish10}) 24... fxe3 (24... Rxg2+ $19 {Bl was trying to make this work,
but just couldn't work it out, nor even in the pm analyses} 25. Kxg2 Bxh3+ 26.
Kg1 Nxe4 {Bl had seen the B & N covered Q ch's,but missed bringing the R in}
27. Qxe4 Re6 28. exf4 Rg6+ 29. Qxg6 hxg6 30. Rfc1 (30. Rfd1 exf4 31. Bf3 Bg4)
30... exf4 31. Bf3 Bg4 32. Bd5+ Kf8 33. Rc3 Be2 34. Bg2 Qf6 $19 {Stockfish10})
(24... Kh8 {briefly considered,seems to work as well} 25. Nxf6 (25. Bf3 Rh6 (
25... Bc8 26. Qxc7 fxe3 27. Nxf6 Bxh3 28. g3 Qxf6 29. Qc6 Qf8 30. Qe4 Rh6 31.
Kg1 Bxf1 32. Rxf1 exf2+ 33. Rxf2 Qc5 $19) 26. exf4 Bc8 27. Qb3 Nxe4 28. Bxe4
Qxf4+ 29. Kg1 Qxe4 $19) 25... gxf6 26. Bd3 Rg7 27. exf4 Reg8 28. Be4 f5 29. Bd5
e4 {mating- Stockfish10}) (24... Nd7 {also considered} 25. Rad1 Rh6 26. Rxd7 (
26. Rh1 Rf8 27. Qxc7 f3 28. Rxd7 fxg2 29. Rxg7+ Kh8 30. Kxg2 Qxe4+ $19) 26...
Bxd7 27. Qd5+ Be6 28. Qxe5 Rf8 (28... Bf7 29. Qd4) 29. Qg5 Qxg5 30. Nxg5 fxe3
31. fxe3 Rxf1 32. Bxf1 Bf7 $19 {Stockfish10}) 25. Nxf6+ gxf6 26. Qf3 exf2 27.
Rxf2 (27. Qxf2 Qxf2 28. Rxf2 Rd8 $15 {Stockfish10}) 27... Bxc4 (27... Kh8 $17)
(27... f5 $15) 28. b3 (28. Rc1 Bxe2 29. Rxe2 Re7 30. Rc5 $11 {Stockfish10})
28... Bxe2 29. Qxe2 (29. Qd5+ Kh8 30. Rxe2 Reg8 31. Qxa5 Rxg2+ 32. Rxg2 Qf4+
33. Kh1 Rxg2 34. Kxg2 Qe4+ {is a perpetual- Stockfish10}) 29... Qg3+ 30. Kh1
Rd8 (30... e4 {pm analysis & Stockfish10} 31. Raf1 Kg7 32. Qd2 Qe5 33. Rf5 Qe7
34. Rxa5 e3 35. Qe2 c5 36. Ra4 Qe5 $11) 31. Raf1 Kg7 32. Qc4 Rd7 33. Qb5 (33.
Qc5 e4 34. Qxa5 Rd1 35. Rxd1 Qxf2 36. Qxc7+ Kh6 37. Qc1+ e3 38. Rg1 f5 39. Qf1
Re6 40. Qc4 Rg6 41. Qf1 Re6 $11 {Stockfish10}) 33... Rd1 34. Qe2 Rxf1+ 35. Rxf1
Qc3 36. Rf3 Qc6 (36... Qc1+ 37. Kh2 Qc6) 37. Qc4 $2 {Wh was hoping for an
advantage in the resultant R ending, but the Bl K proves to be too active} (37.
Qd2 e4 38. Rc3 Qd6 39. Qc2 Rg5 40. Qxe4 Qd1+ 41. Kh2 Qd6+ $11 {Stockfish10})
37... Qxc4 38. bxc4 Rg5 $19 39. Rd3 Kg6 40. Rd7 c5 (40... Rg3 41. Rxc7 h5 42.
c5 Ra3 43. c6 Rxa2 $19 {Stockfish10}) 41. Ra7 e4 (41... Rf5 {Stockfish10} 42.
Rxa5 (42. Kg1 Rf4 43. Rxa5 Rxc4 44. a4 h5 $19) 42... Rf1+ 43. Kh2 e4 $19 {
Stockfish10}) 42. Kg1 Kf5 (42... e3 43. Kf1 e2+ 44. Ke1 Rxg2 45. Rc7 h5 46.
Rxc5 f5 47. Rc8 Rh2 48. c5 f4 49. Rf8 Rxh3 50. Kxe2 Re3+ 51. Kf2 Kg5 $15 {
Stockfish10}) 43. Rxa5 (43. Rxh7 $5) 43... Kf4 44. Ra3 e3 45. Kf1 Rg3 $6 {
seeing a clever tactical trick, but Bl should have stayed with the original
intention of just walking the K in.} (45... Ke4 46. Ra7 (46. g4 Kf3 47. Ra7 f5
48. Rxh7 f4 49. Rb7 Rg8 50. Rb2 Rd8 51. Ke1 Rh8 52. Rh2 Kg3 53. Re2 Rxh3 $19 {
Stockfish10}) 46... h5 (46... Rf5+ 47. Ke1 Rf2 48. Re7+ Kd3 49. Rd7+ Kxc4 50.
g4 (50. Re7 Kd3 51. Rd7+ Ke4 52. Re7+ Kf4 53. Rxh7 Rxg2 54. Rf7 f5 $19) 50...
Rxa2 51. h4 Kc3 52. h5 h6 53. Rd6 Rf2 54. Re6 Kd4 55. Rd6+ Ke5 56. Rc6 Kd5 57.
Rc7 c4 {and the c pawn wins- Stockfish10})) 46. Ra5 Ke4 (46... Rg5 {should be
tried} 47. Ra6 e2+ 48. Kxe2 Rxg2+ 49. Kf1 Rc2 50. Rxf6+ Ke3 51. a4 Rxc4 52.
Re6+ Kd4 53. a5 Ra4 54. a6 c4 55. Ke2 Ra2+ 56. Kd1 Kc3 57. Rc6 h5 58. h4 $11 {
Stockfish10}) 47. Rxc5 Kd3 (47... e2+ 48. Kxe2 Rxg2+ 49. Kf1 Rxa2 50. Rh5 Ra7
51. c5 f5 52. c6 $11 {Stockfish10}) 48. Rd5+ Kxc4 49. Rf5 Kd3 50. Rf3 $2 (50.
Rxf6 e2+ 51. Ke1 Rxg2 52. Rd6+ $11) 50... Rxf3+ 51. gxf3 {Wh actually removed
the R and pressed the clock without moving the g pawn.} Kd2 0-1

[Event "West Wales Open"]
[Site "Swansea"]
[Date "2019.10.12"]
[Round "3.1"]
[White "Thompson, Ian D"]
[Black "Kosuzek, Daniel"]
[Result "1/2-1/2"]
[WhiteElo "2120"]
[BlackElo "2338"]
[Annotator "kemen"]
[PlyCount "54"]
[EventDate "2019.10.12"]
[EventType "swiss"]
[EventRounds "5"]
[EventCountry "WLS"]

{[%evp 0,14,30,-13,4,-35,-19,-26,-29,-4,-4,-5,-5,3,3,-1,5]} 1. c4 Nf6 2. g3 e6
3. Nf3 d5 4. d4 dxc4 5. Qa4+ Bd7 6. Qxc4 b5 (6... Bc6 {main}) 7. Qc2 Na6 8. Bg2
c5 9. O-O Rc8 10. Qd1 {main} (10. dxc5 {2 draws}) 10... Bc6 11. dxc5 {4 other
moves in 4 games} Bxc5 12. Qxd8+ Rxd8 (12... Kxd8 13. Ne5 Bxg2 14. Kxg2 Ke7 15.
Nd3 Nd5 16. Bd2 Rhd8 17. Nxc5 Rxc5 18. Nc3 {|Galego-Vaibhav, London Big Slick
GM 2011,1/2-1/2}) 13. Ne5 Bxg2 14. Kxg2 Nd5 ({Komodo13} 14... Nb4 15. Nc3 a6
16. Bg5 h6 17. Bxf6 gxf6 18. Nf3 Ke7 19. a4 bxa4 20. Rxa4 f5 21. e4 $14 {
Storozhev (2030)- Kljucharev (2395), Kemorovo 2009,1/2-1/2}) 15. a3 (15. a4 b4
16. Nd2 $14 {Komodo13}) 15... f6 16. Nd3 Bd4 (16... Kf7) 17. Nd2 Kf7 18. Nb3
Bb6 19. a4 bxa4 20. Rxa4 Nac7 21. Ndc5 e5 22. e4 Ne7 23. Be3 Rb8 24. Na5 Rhd8 (
24... Bxa5 25. Rxa5 Nc6 $11 {Stockfish10 & Komodo13}) 25. Nab7 $16 Rg8 26. Rd1
(26. Nd6+ Kg6 (26... Kf8 27. Nd7#) 27. Nd7 Rbd8 28. Nxb6 axb6 29. Ra7 $16 {
Stockfish10 & Komodo13}) 26... Bxc5 27. Nxc5 Nb5 {(draw?) Komodo13 gives
slight advantage to Wh; Stockfish10 a bit more} 1/2-1/2

[Event "West Wales Open"]
[Site "Swansea"]
[Date "2019.10.12"]
[Round "3.2"]
[White "Toczek, Grzegorz"]
[Black "Musson, Adam J"]
[Result "1-0"]
[WhiteElo "2259"]
[BlackElo "2017"]
[Annotator "kemen"]
[PlyCount "75"]
[EventDate "2019.10.12"]
[EventType "swiss"]
[EventRounds "5"]
[EventCountry "WLS"]

1. e4 c5 2. Nf3 d6 3. c3 Nf6 4. h3 Nc6 5. Bd3 (5. d4 {is an old Basman line})
5... g6 6. O-O Bg7 7. a3 {uncommon; Bajje-Mwaisumbe, Mombasa zt 2019,1-0} (7.
Bc2 {60% for Wh}) (7. Re1 {58% for Wh; main lines}) 7... O-O (7... d5 $11 {
Deep Fritz13 & Komodo13}) 8. Qe2 (8. Bc2 e5 {transposes bach to main lines})
8... Nh5 (8... d5 $17 {both Engines}) 9. Bc2 Nf4 10. Qe3 e5 $17 11. d4 b6 (
11... cxd4 12. cxd4 Bh6 {both Engines}) 12. Ba4 (12. d5) 12... Ne7 (12... cxd4
13. cxd4 (13. Qe1 Nxh3+ 14. gxh3 Bxh3 $17 {Komodo13} 15. Bxc6 Qc8 $19) 13...
Bh6 14. Kh2 Nxd4 $17 {Komodo13} (14... exd4 $19 {Stockfish10})) 13. dxe5 dxe5
14. Rd1 Qc7 15. Qe1 Ne6 (15... c4 $15 {Komodo13}) 16. Be3 f5 17. Bc2 f4 18. Bc1
c4 (18... Ba6 19. b4 Rfd8 $11 {Komodo13}) 19. a4 g5 {looks a logical followup,
though Komodo13 considers it premature} 20. Na3 $16 Ba6 (20... h5 {Bl must
continue- also the B is needed to contribute to the K side attack}) 21. Qe2 (
21. Nb5 $18 {looks good, when Wh takes over the wh squares & showing up the
last Bl B move} Bxb5 (21... Qc6 22. b3 $1 {opens up lines against the Bl K})
22. axb5 Rfd8 23. b3 $18 {Bl has several weak points to try & cover}) 21... Ng6
22. g4 $6 {the books tell us not to make pawn moves on the side where we are
under attack.} (22. Nb5 $18 {both Engines}) 22... fxg3 23. fxg3 h6 {too
defensive, though it is difficult seeing the move the Engines come up with} (
23... Nd4 $1 $19 {both Engines, exploiting g3 weakness} 24. cxd4 (24. Nxd4 {
seems to be worse} exd4 25. cxd4 (25. Bxg5 d3 $19) 25... Qxg3+ 26. Qg2 (26. Kh1
Rf2) 26... Bxd4+ 27. Kh1 Qe5 28. Qxg5 Rf3 29. Qxe5 Bxe5 $19 {Komodo13}) 24...
exd4 25. Kg2 d3 26. Bxd3 cxd3 27. Rxd3 (27. Qe3 g4 (27... Ne5 $19) (27... Rae8
$19) 28. hxg4 Qd7 $19) 27... Bxd3 28. Qxd3 h6 $19 {Komodo13}) 24. Be3 (24. Kh2
$14) 24... Rf7 (24... Nd4 $1 {still wins-both Engines} 25. cxd4 exd4 26. Bxd4
Qxg3+ 27. Qg2 Qxf3 $19) 25. Nh2 Bf8 (25... Nd4 26. Qg2 $11) 26. Rd5 $16 (26.
Nb5 $18) 26... Bb7 (26... Nd4 27. cxd4 exd4 28. Bxd4 Qxg3+ 29. Kh1 Nf4 30. Qg4
Qxg4 31. Nxg4 Nxd5 32. exd5 Bb7 33. Kg1 Bxd5 34. Nb5 Bb7 35. Nf6+ Rxf6 36. Bxf6
$14 {Komodo13}) 27. Qh5 $18 (27. Nb5 $18) 27... Ngf4 28. gxf4 gxf4 (28... Bxd5
29. Ng4 $18 {Komodo13}) 29. Ng4 (29. Bf2 $18 {simpler}) 29... Bxd5 30. exd5 Ng5
31. Bf2 e4 32. Bd4 Nf3+ (32... Bg7 {best try} 33. Nb5 $18 {both Engines}) 33.
Kh1 Nxd4 34. Rg1 Kh8 35. cxd4 Qe7 36. Ne5 (36. Nxc4 Bg7 37. Nce5 {the Engines
bring in the distant N into the field of battle}) 36... Rf6 37. Bxe4 Re8 38.
Naxc4 (38. d6 {is also good}) 1-0

[Event "West Wales Open"]
[Site "Swansea"]
[Date "2019.10.12"]
[Round "3.3"]
[White "Garcia, Jason"]
[Black "Cheung, Ryan"]
[Result "1-0"]
[WhiteElo "2050"]
[BlackElo "1642"]
[Annotator "kemen"]
[PlyCount "75"]
[EventDate "2019.10.12"]
[EventType "swiss"]
[EventRounds "5"]
[EventCountry "WLS"]

{[%evp 0,17,19,14,14,-4,24,-11,9,2,-16,-40,-41,-54,-54,-69,-85,-64,-51,-61]} 1.
Nf3 d5 2. c4 d4 3. e3 c5 (3... Nc6) 4. exd4 (4. b4 {a Reverse Blumenfeld}) 4...
cxd4 5. d3 Nc6 6. g3 Nf6 7. Bg2 e5 8. O-O Bd6 9. Na3 (9. Bg5 {main}) (9. b4 {
is another reverse idea= it scores quite well for Wh, wether declined or not}
Nxb4 10. Nxe5) 9... O-O 10. Nc2 Re8 11. Re1 h6 (11... a5 {Cloud Engines} 12.
Bg5 Bg4 13. h3 Bh5 14. g4 Bg6 15. Bh4 Bc5 16. Bf1 h5 $17 {
Assaubayeva-Dauletova, KAZ ch women, Astana 2014,0-1}) 12. a3 (12. b4 {Cloud
Engines}) 12... a5 13. b3 {Wh is being cautious against a lwer-rated player
doing well in the tournament.} (13. Rb1 {Cloud Engines}) 13... Bf5 14. Rb1 Qd7
15. b4 axb4 16. axb4 Bxd3 {a good idea, but the Engines give an even better one
} (16... e4 17. dxe4 Nxe4 18. Bb2 Nxf2 $1 19. Kxf2 d3 20. Ncd4 Bxb4 21. Rxe8+
Rxe8 22. Nxf5 Re2+ 23. Kg1 Qxf5 24. Qf1 Qc5+ 25. Kh1 Qxc4 $17 {This position
has been examined by Engines in 2016!}) 17. Qxd3 e4 18. Qd2 d3 19. Nfd4 dxc2
20. Nxc2 Qe6 $11 21. c5 Bf8 (21... Be5 {Fritz13 SE & Komodo13}) 22. Nd4 (22.
Bb2 Ne5 23. Bxe5 Qxe5 24. Ne3 $16 {Komodo13}) 22... Nxd4 (22... Qc4 23. Nxc6
bxc6 $14 {Komodo13}) 23. Qxd4 Red8 24. Qb2 Rd3 25. Qe2 Ra2 26. Qxd3 exd3 27.
Rxe6 fxe6 28. Be3 Nd5 29. Bxd5 exd5 30. Rd1 (30. Kg2) 30... Rb2 (30... Ra3 $11
{Komodo13}) 31. Rxd3 Rxb4 32. Rxd5 Kf7 33. Rf5+ Ke8 34. Kg2 $16 Be7 35. Kf3 Bf6
$2 36. Bxh6 $18 Rb3+ 37. Be3 Ke7 38. Rd5 1-0

[Event "West Wales Open"]
[Site "Swansea"]
[Date "2019.10.12"]
[Round "3.4"]
[White "Hilton, Tim"]
[Black "Makkar, Rajat"]
[Result "1-0"]
[WhiteElo "1868"]
[BlackElo "2135"]
[Annotator "kemen"]
[PlyCount "51"]
[EventDate "2019.10.12"]
[EventType "swiss"]
[EventRounds "5"]
[EventCountry "WLS"]

{[%evp 0,12,80,14,25,19,14,12,17,32,28,36,24,11,12]} 1. d4 d5 2. Nc3 Nf6 3. Bf4
e6 4. e3 Bb4 5. Bd3 O-O (5... c5 {main}) 6. Nf3 (6. Nge2) 6... b6 {only one
example} 7. O-O Bb7 8. a3 (8. Nb5 $16 Na6 9. a3 Be7 10. Ne5 c6 11. Nc3 Nc7 12.
Qf3 Nce8 13. Qh3 c5 14. g4 c4 15. Be2 Nd6 16. Qg2 Kh8 $11 {Bergez-Narciso
Dublan, Catalunya ch tm 2015,0-1}) 8... Bd6 9. Ne5 a6 10. Qf3 Nbd7 11. Qh3 g6
12. Ne2 Bxe5 (12... Nh5 $11 {Komodo13}) 13. dxe5 Nh5 14. Bh6 Re8 (14... Nxe5
15. Bxf8 Qxf8 $14 {Komodo13}) (14... Ng7) 15. g4 Ng7 16. f4 $16 c5 17. c3 (17.
Bg5 f6 18. exf6 Nxf6 19. f5 $16 {Komodo13} gxf5 (19... c4 20. fxg6 cxd3 21.
Bxf6 $18) 20. Qh4 Rf8 21. gxf5 e5 22. Ng3 $16 {Komodo13}) 17... Bc8 18. Bg5 $18
{Bl's pieces lack activity & cannot defend their K} Qc7 (18... f6 19. exf6 Nxf6
20. e4 dxe4 21. Bxe4 Ra7 22. Rad1 Qe7 23. Ng3 $18 {\Komodo13}) 19. Qh6 f5 20.
exf6 Nxf6 21. Bxf6 Qf7 22. Be5 Bb7 23. h4 Qe7 24. h5 Nf5 25. gxf5 gxf5 26. Rf3
1-0

[Event "West Wales Open"]
[Site "Swansea"]
[Date "2019.10.12"]
[Round "3.5"]
[White "Van Veelen, Thomas"]
[Black "Brown, Geoffrey M"]
[Result "0-1"]
[WhiteElo "1992"]
[BlackElo "1861"]
[Annotator "kemen"]
[PlyCount "80"]
[EventDate "2019.10.12"]
[EventType "swiss"]
[EventRounds "5"]
[EventCountry "WLS"]

{[%evp 0,13,24,17,40,19,63,36,36,45,35,33,33,33,49,28]} 1. d4 e6 2. Nf3 f5 3.
c4 Nf6 4. Nc3 b6 (4... Bb4 {main}) 5. g3 Bb7 6. Bg2 Ne4 7. d5 (7. Nxe4 Bxe4 8.
O-O {main eg Guy-Kurpnieks, ESP-AEAC email 2016,1/2-1/2}) 7... Bb4 8. Qb3 (8.
Bd2 Bxc3 9. Bxc3 Nxc3 10. bxc3 O-O 11. O-O Qe7 (11... Na6 {Harman-Veiga
Rodriguez, Wch ICCF 2012,0-1}) 12. Nd4 Qf6 13. Nb5 Na6 14. Qb3 e5 {
Talik-Kowalczyk, POL ch blitz Szczawno Zdroj 2018,0-1}) 8... Bxc3+ 9. bxc3 Na6
10. Ba3 (10. dxe6 Nac5 11. exd7+ Qxd7 12. Qc2 O-O-O $11 {Komodo13}) 10... Qf6
11. Nd4 Nec5 12. Qc2 O-O 13. O-O e5 14. Nb3 d6 $15 15. Bxc5 Nxc5 16. Nxc5 dxc5
17. Rad1 Rad8 18. e4 f4 19. Rd3 (19. Bh3) 19... Bc8 20. Qe2 Qh6 $17 21. Kh1 (
21. Bf3 Bh3 22. Bg2 Bd7 23. Bf3 Rf6 $17 {Komodo13}) 21... Rd6 $19 22. Rg1 Rff6
(22... Qxh2+ 23. Kxh2 Rh6+ 24. Bh3 Bxh3 25. Re1 Bf1+ 26. Kg1 Bxe2 27. Rxe2 Rff6
$19 {Komodo13}) 23. Bf3 Rg6 24. g4 (24. Bh5 Rg5 25. g4 Qf6 26. Rg2 Ba6 27. Rf3
c6 $19 {Komodo13}) 24... Qh4 25. g5 (25. Qd1 {just sitting defending is no fun}
Rh6 26. Rg2 Qe7 27. Be2 Rh4 28. Rd2 {Komodo13 may hold, but Bl can keep
probing & one single slip by Wh will be enough}) 25... Rxg5 $19 26. Rxg5 Qxg5
27. Rd1 Rd8 (27... Rh6 $19) (27... Rg6 $19 {simpler lines}) 28. Rg1 Qh4 29. Bg4
Bxg4 30. Rxg4 Qh3 31. f3 Rd6 32. Rg5 (32. Qg2 {the R ending gives some drawing
prospects}) 32... Rg6 33. Rxe5 $2 {Wh has his activity, but so does Bl} (33.
Rxg6 hxg6 34. Qg2 Qxg2+ 35. Kxg2 g5 36. Kh3 Kh7 37. Kg4 (37. Kg2 Kg6 38. h3 Kh5
39. Kf2 Kh4 40. Kg2 {here Komodo13 claims a Bl win, but this human can see no
way in for the Bl K, & the Engine just goes round in circles for a very long
time.}) 37... Kg6 38. a3 a6 39. a4 Kh6 40. Kf5 (40. Kh3 Kh5 41. Kg2 g4 $19)
40... Kh5 41. Kxe5 Kh4 $19) 33... Rg3 $19 34. d6 Rxf3 (34... cxd6) 35. Kg1 cxd6
36. Re7 Rxc3 37. Qd2 Qe3+ (37... Rd3 {and the Engine starts giving up the R to
avoid mate}) 38. Qxe3 fxe3 39. Kf1 Rxc4 40. Ke2 Kf8 0-1

[Event "West Wales Open"]
[Site "Swansea"]
[Date "2019.10.12"]
[Round "3.6"]
[White "Young, Alan"]
[Black "Van Kemenade, Rudy"]
[Result "1/2-1/2"]
[WhiteElo "2015"]
[BlackElo "1885"]
[Annotator "kemen"]
[PlyCount "84"]
[EventDate "2019.10.12"]
[EventType "swiss"]
[EventRounds "5"]
[EventCountry "WLS"]

{[%evp 0,24,16,16,16,22,54,41,23,9,9,9,19,17,14,-12,52,-7,-1,18,69,69,84,81,76,
73,66]} 1. e4 e5 2. Nf3 Nf6 3. d4 Nxe4 4. Bd3 d5 5. Nxe5 Nd7 6. Nxd7 Bxd7 7.
O-O Qh4 (7... Bd6 {main these days}) 8. c4 O-O-O 9. c5 g5 10. Nc3 (10. g3 Qh3
11. Nc3 f5 (11... Bg7) 12. Qf3 (12. Nxd5 Bg7 {Gayson-Van Kemenade, British
rapid 1997,0-1}) 12... Bg7 13. Nxd5 Bxd4 14. Be3 Bxe3 15. Qxe3 Rhe8 16. Bxe4
Rxe4 17. Qxg5 Bc6 {Young-Van Kemenade, West Wales op 2009,0-1; Wh resigned
here, though the Engines found} 18. f3 Re2 19. Ne7+ Kd7 20. Rf2 Rxf2 21. Kxf2
Qxh2+ 22. Ke3 Ke6 23. Qxf5+ Kxe7 24. Qg5+) 10... Bg7 11. g3 Qh6 (11... Qh3 {
main} 12. Nxe4 dxe4 13. Bxe4 Bb5 14. Bg2 Qf5 15. Be3 (15. Qb3)) 12. Nxe4 dxe4
13. Bxe4 f5 14. Bg2 f4 15. Qb3 {main} (15. d5) (15. h4 Rhf8 16. Qb3 Qa6 17.
hxg5 fxg3 18. Be3 gxf2+ 19. Rxf2 Rxf2 (19... Ba4 $14) 20. Bxf2 $18 {S
Jones-Van Kemenade, North Wales op 2016,1-0}) 15... c6 {main} (15... Qa6 16. d5
Rhf8 17. Bd2 Bd4 18. Rac1 Bb5 19. Bc3 Bc4 20. Bxd4 Bxb3 21. axb3 f3 22. Bh3+
Kb8 $19 {Geenen-Van Kemenade, EU Seniors tm Sibenik 2014,1/2-1/2}) 16. d5 Rhf8
{Wh was spending lots of time being out of his book knowledge. He is a pawn up,
but has 2 pieces out of play} 17. Re1 $146 {Wh was worried about a Bh3 idea} (
17. Bd2 {main, expected by Bl, has to the correct move; & practive gives Wh 4-0
}) (17. Rd1 $11 {2 draws}) 17... Bd4 $17 {with a threat of Bxf2ch} 18. Re2 {
and Bl has a choice of moves, all of which appear to be good.} (18. Rf1 Bxc5
$17) 18... Rde8 (18... Bxc5 $17 {simplest}) (18... Bg4 19. Bf3 Bxf3 20. Qxf3
Rxd5 $17) (18... Qh5 {looked promising} 19. Bf3 (19. Rd2 Bxc5 $17 {pm analysis}
(19... Rde8 $1 {mate in 12-Stockfish10} 20. Qd1 (20. Qd3 Re1+ 21. Bf1 Qh3 22.
gxf4 Rxf4 23. Qxh3 Bxh3 24. Rd1 Rxf2 25. Rxe1 Rxf1#) 20... fxg3 21. hxg3 Bxf2+)
) 19... g4 {pm analysis, but Stockfish10 considers only a draw} 20. dxc6 bxc6 (
20... Bxc6 21. Bxc6 bxc6 22. Bxf4 Rxf4 23. gxf4 g3 24. Qe6+ Kc7 25. hxg3 $19 {
Stockfish10}) 21. Be4 f3 (21... Rde8 22. Bxf4 Rxf4 23. Bd3 (23. gxf4 g3 24.
Qxg3 Qxe2 $19) 23... Bxf2+ (23... Kc7 24. Rxe8 Bxf2+ 25. Kg2 Bxe8 26. gxf4 Be3
27. Qc2 Bf7 28. Kf1 Bd5 29. Be4 Qh3+ 30. Ke2 Bd4 31. Bxd5 Qe3+ 32. Kd1 Qg1+ 33.
Ke2 Qe3+ $11) 24. Rxf2 Rxf2 25. Ba6+ Kd8 26. Qb8+ Ke7 27. Qd6+ $11 {Stockfish10
})) (18... f3 19. Bxf3 Rxf3 {considered} (19... Qf6 20. Rd2 Bxc5 21. Rd3 Rde8
22. Bd2 Re2 $11 {Stockfish10} 23. dxc6 Bxc6 24. Rc1 Qxf3 25. Rxf3 Rxf3 26. Qxf3
Bxf3 27. Rxc5+ Kd7 28. Bc3 $11 {Stockfish10}) 20. Qxf3 Rf8 21. Bxg5 $1 $18 {
Stockfish10}) 19. Rxe8+ Bxe8 (19... Rxe8 20. Bd2 Re2 21. dxc6 (21. Be1 Rxb2 22.
Qc4 Qf6 $11 {pm analysis & considered}) 21... Bxc6 22. Bxc6 Qxc6 (22... Bxf2+
23. Kf1 Rxd2 24. Qxb7+ Kd8 25. Qb8+ Ke7 26. Qe5+ Kf8 27. Qb8+ $11 {Stockfish10}
) 23. Qg8+ Qe8 24. Qxe8+ Rxe8 25. gxf4 gxf4 26. Bxf4 Re2 27. Bg3 Rxb2 28. Rd1
Bxc5 29. Rc1 b6 30. Bd6 Rxa2 31. Bxc5 bxc5 32. Rxc5+ Kb7 33. Rh5 Rc2 $11 {
Stockfish10}) 20. gxf4 gxf4 21. Qh3+ (21. Bd2 cxd5 22. Bxd5 Bc6 $11 {
Stockfish10} (22... Qg6+ 23. Kf1 Qa6+ 24. Bc4 Qh6 25. Bd5 Bc6 26. Bxc6 Qxc6 27.
Re1 {other moves llose} Qh1+ 28. Ke2 Qe4+ 29. Kd1 Qb1+ 30. Ke2 Qe4+ $11 {
Stockfish10})) 21... Qxh3 22. Bxh3+ Kb8 {Bl was losing the thread here, having
earlier missed the exchange of Qs} (22... Kc7 $1 $17 {Stockfish10} 23. d6+ (23.
Bg2 Bxc5 24. Bf3 (24. dxc6 f3 $1 25. Bf1 (25. Bh3 Bxc6 $19) 25... Rg8+ 26. Kh1
Bxf2 27. Bf4+ Kb6 $1 (27... Kxc6 28. Rc1+ Kd7 29. Bb5+ Ke7 30. Bxe8 Rxe8 $17)
28. Bc4 Rg4 29. cxb7 Kxb7 30. Bd5+ Bc6 31. Bxc6+ Kxc6 32. Bg3 Bxg3 33. Rg1 Kc5
34. hxg3 Kd4 $19 {Stockfish10})) 23... Kd8 $17) (22... Bd7 {expected by Wh} 23.
Bxd7+ Kxd7 24. dxc6+ Kxc6 25. Bd2 Bxb2 $17 {Stockfish10}) (22... Kd8 $11) 23.
d6 Bxc5 (23... Bg6 24. d7 Kc7 25. Bd2 Bxc5 26. Rd1 Be7 $11 {Stockfish10}) 24.
d7 $18 Bg6 25. Bxf4+ Ka8 26. Rc1 {forcing Bl to do what he wanted to anyway;
Wh was running rather low on time#} (26. Rd1 $18 {Stockfish10}) (26. Bg3 $18 {
expected by Bl}) 26... Bxf2+ 27. Kxf2 Rxf4+ 28. Kg3 Rf8 29. Rd1 Rd8 30. Kf4 Kb8
31. Bf5 Bh5 32. Rd3 Kc7 33. Rh3 (33. Kg5 $1 {Stockfish10} Bf7 34. a3 h5 35. Re3
(35. Bg6 Bxg6 36. Kxg6 h4 37. Kg5 h3 38. Kg4 Rg8+ 39. Kxh3 Kd8 40. Rd2 Rg7 $11
{Stockfish10}) 35... c5 36. h4 $18 {Stockfish10}) 33... Bg6 34. Bxg6 hxg6 35.
Rh7 (35. Rd3 Rf8+ 36. Kg5 Kd8 37. Rd2 $14 {Stockfish10}) 35... Rf8+ 36. Kg5 Kd8
37. Kxg6 Rf2 38. h4 Rxb2 39. h5 Rxa2 40. h6 {takes away a shelter from the K,
but it looks drawn anyway} Rg2+ 41. Kf6 Rh2 42. Kg6 Rg2+ {(draw?) Perhaps Bl
can try for a win by advancing the Q side pawns, but Wh can bring the K to e6
to threaten mate, so the Wh K needs to be checked away after all.} (42... a5
43. Rf7 a4 44. h7 a3 45. Rf3 a2 46. Ra3 Rg2+ 47. Kf7 Rh2 48. Kg7 Rg2+ 49. Kf7
$11) 1/2-1/2